000 00632nam a22002297a 4500
001 1927
003 CO-MdFUSB
005 20180622072725.0
008 170526t1960 xxu||||| |||| 00| 0 eng d
040 _aCO-MdFUSB
_bspa
_cCO-MdFUSB
_dCO-MdFUSBC
_erda
041 0 _aeng
082 0 4 _aG 220.93 W9471b
100 1 _aWright, George Ernest
_eautor
245 0 _aBiblical archaeology
_c / G. Ernest Wright
264 4 _aPhiladelphia, USA :
_b Westminster,
_c©1960
300 _aXI, 198 Pag
336 _2rdacontent
_a1
_ba1
337 _2rdamedia
_a2
_b5
338 _2rdacarrier
_a2
_b5
653 _aArqueología bíblica
942 _cBK
999 _c33043
_d33043